Doing research in political science : an introduction to comparative methods and statistics

Αποθηκεύτηκε σε:
Λεπτομέρειες βιβλιογραφικής εγγραφής
Κύριος συγγραφέας: Pennings, Paul
Άλλοι συγγραφείς: Keman, Hans, Kleinnijenhuis, J.
Μορφή: Βιβλίο
Γλώσσα:English
Δημοσίευση: London : Sage, 1999
Θέματα:
Ετικέτες: Προσθήκη ετικέτας
Δεν υπάρχουν, Καταχωρήστε ετικέτα πρώτοι!

MARC

LEADER 00000nam a2200000 i 4500
001 1/97459
008 991222s1999 eng d
020 |a 0-7619-5103-2 
035 |l 10056142 
040 |a GR-MY-UA  |b gre  |e aacr 
041 0 |a eng 
082 0 |a 320.072 
100 1 |a Pennings, Paul. 
245 1 0 |a Doing research in political science :  |b an introduction to comparative methods and statistics /  |c Paul Pennings, Hans Keman; Jan Kleinnijenhuis 
260 |a London :   |b Sage,   |c 1999 
300 |a 368 p. 
504 |a Includes bibliographical references and index 
650 0 0 |a Research  |x Management. 
650 0 0 |a Political science  |x Study and teaching. 
700 1 |a Keman, Hans. 
700 1 |a Kleinnijenhuis, J. 
852 |a INST  |b LESVOS  |e 19991222  |h 320.072 PEN  |p 005100020413  |q 005100020413  |t BK  |y 0 
901 |a BIBL1-2000-1 
909 |a Λ  |b 071445 
922 |a 1ΕΛΗ  |b 199912  |c ΚΠΣ/ΠΜΣ  |d ΠΑΠΑΣΩΤΗΡΙΟΥ 
950 |a 157-1999-08-24 
970 |a ΚΑΜΑΤΣΟΥ  |b ΔΕΣΠΟΙΝΑ  |z 2000/04/13